Valčík cis moll

Bibliographic Details
Main Author: Chopin, Fryderyk, 1810-1849 (Author)
Format: Book
Language:Undetermined
PhysicalDescription:9 s.
Published: Praha Státní nakladatelství krásné literatury, hudby a umění 1960

MARC

LEADER 00000nam a2200000 a 4500
001 vtls001276434
003 SK-MaSNL
005 20260301195451.0
008 240313s1960 xx 0 und
035 |a SNK000227679 
040 |a SNK  |b slo  |c SNK  |e AACR2 
100 1 |a Chopin, Fryderyk,  |d 1810-1849  |4 aut  |9 157132 
245 1 |a Valčík cis moll 
260 |a Praha  |b Státní nakladatelství krásné literatury, hudby a umění  |c 1960 
300 |a 9 s. 
999 |c 885865  |d 887795 
952 |t P60, <04>, [BOOK], {604}  |a SNK  |b SNK  |y VYP  |7 0  |p 17A0038946  |o snkHB 4199  |0 0  |1 0  |4 0  |d 1997-02-18  |l 0  |r 2005-01-02 00:00:00  |w 2026-02-24